00383nam a2200145Ia 4500003000900000005001700009008004100026040001600067080001700083100001500100245006000115260003500175300001000210650001700220IN-BaIIA20250702103802.0211028s9999 xx 000 0 eng d cIIA Library a535.338bJEV aJevons, W. 0aReport on band-spectra of diatomic moleculescW. Jevons aLondonbUniversity Pressc1932 a308p. aSpectroscopy